<?xml version="1.0" encoding="UTF-8"?>
<record
    xmlns:xsi="http://www.w3.org/2001/XMLSchema-instance"
    xsi:schemaLocation="http://www.loc.gov/MARC21/slim http://www.loc.gov/standards/marcxml/schema/MARC21slim.xsd"
    xmlns="http://www.loc.gov/MARC21/slim">

  <leader>01472nam a2200229Ia 4500</leader>
  <controlfield tag="003">Ost</controlfield>
  <controlfield tag="005">20260507075555.0</controlfield>
  <controlfield tag="008">260507s9999||||xx |||||||||||||| ||und||</controlfield>
  <datafield tag="020" ind1=" " ind2=" ">
    <subfield code="a">9957021443</subfield>
  </datafield>
  <datafield tag="040" ind1=" " ind2=" ">
    <subfield code="c">fsecg</subfield>
  </datafield>
  <datafield tag="041" ind1=" " ind2=" ">
    <subfield code="a">ara</subfield>
  </datafield>
  <datafield tag="082" ind1=" " ind2=" ">
    <subfield code="a">330</subfield>
  </datafield>
  <datafield tag="100" ind1=" " ind2=" ">
    <subfield code="a">&#x627;&#x644;&#x645;&#x648;&#x633;&#x648;&#x64A;&#x60C; &#x633;&#x646;&#x627;&#x646;</subfield>
    <subfield code="e">&#x645;&#x624;&#x644;&#x641;</subfield>
  </datafield>
  <datafield tag="245" ind1=" " ind2="0">
    <subfield code="a">&#x627;&#x62F;&#x627;&#x631;&#x629; &#x627;&#x644;&#x645;&#x648;&#x627;&#x631;&#x62F; &#x627;&#x644;&#x628;&#x634;&#x631;&#x64A;&#x629; &#x648; &#x62A;&#x623;&#x62B;&#x64A;&#x631;&#x627;&#x62A; &#x627;&#x644;&#x639;&#x648;&#x644;&#x645;&#x629; &#x639;&#x644;&#x64A;&#x647;&#x627; /</subfield>
    <subfield code="c"> &#x633;&#x646;&#x627;&#x646; &#x627;&#x644;&#x645;&#x648;&#x633;&#x648;&#x64A;</subfield>
  </datafield>
  <datafield tag="260" ind1=" " ind2=" ">
    <subfield code="a">&#x639;&#x645;&#x627;&#x646;: </subfield>
    <subfield code="b">&#x62F;&#x627;&#x631; &#x627;&#x644;&#x645;&#x62C;&#x62F;&#x644;&#x627;&#x648;&#x64A; &#x644;&#x644;&#x646;&#x634;&#x631; &#x648; &#x627;&#x644;&#x62A;&#x648;&#x632;&#x64A;&#x639;, </subfield>
    <subfield code="c">2006</subfield>
  </datafield>
  <datafield tag="300" ind1=" " ind2=" ">
    <subfield code="a">313  &#x635;&#x641;&#x62D;&#x629;&#x61B; </subfield>
    <subfield code="b">&#x625;&#x64A;&#x636;&#x627;&#x62D;&#x627;&#x62A; &#x61B;</subfield>
    <subfield code="c">24 &#x633;&#x645;</subfield>
  </datafield>
  <datafield tag="504" ind1=" " ind2=" ">
    <subfield code="a">&#x645;&#x631;&#x627;&#x62C;&#x639; &#x635;.304</subfield>
  </datafield>
  <datafield tag="520" ind1=" " ind2=" ">
    <subfield code="a">&#x627;&#x62F;&#x627;&#x631;&#x629; &#x627;&#x644;&#x645;&#x648;&#x627;&#x631;&#x62F; &#x627;&#x644;&#x628;&#x634;&#x631;&#x64A;&#x629; (&#x646;&#x638;&#x631;&#x629; &#x639;&#x627;&#x645;&#x629;) &#x648; &#x627;&#x62F;&#x627;&#x631;&#x629; &#x627;&#x644;&#x645;&#x648;&#x627;&#x631;&#x62F; &#x627;&#x644;&#x628;&#x634;&#x631;&#x64A;&#x629; (&#x627;&#x644;&#x62A;&#x646;&#x638;&#x64A;&#x645;) &#x648; &#x643;&#x630;&#x627; &#x627;&#x644;&#x648;&#x638;&#x627;&#x626;&#x641; (&#x62A;&#x62D;&#x644;&#x64A;&#x644;&#x647;&#x627; &#x648; &#x62A;&#x648;&#x635;&#x64A;&#x641;&#x647;&#x627;) &#x648; &#x62A;&#x62E;&#x637;&#x64A;&#x637; &#x627;&#x644;&#x645;&#x648;&#x627;&#x631;&#x62F; &#x627;&#x644;&#x628;&#x634;&#x631;&#x64A;&#x629; &#x648; &#x627;&#x62E;&#x62A;&#x64A;&#x627;&#x631; &#x648; &#x62A;&#x639;&#x64A;&#x64A;&#x646; &#x627;&#x644;&#x639;&#x627;&#x645;&#x644;&#x64A;&#x646; &#x628;&#x627;&#x644;&#x627;&#x636;&#x627;&#x641;&#x629; &#x627;&#x644;&#x649; &#x627;&#x644;&#x627;&#x62C;&#x648;&#x631; &#x648; &#x62A;&#x642;&#x648;&#x64A;&#x645; &#x627;&#x644;&#x648;&#x638;&#x627;&#x626;&#x641;, &#x62A;&#x642;&#x648;&#x64A;&#x645; &#x622;&#x62F;&#x627;&#x621; &#x627;&#x644;&#x639;&#x627;&#x645;&#x644;&#x64A;&#x646; &#x648; &#x643;&#x630;&#x627; &#x62A;&#x62F;&#x631;&#x64A;&#x628;&#x647;&#x645; &#x648; &#x62A;&#x631;&#x642;&#x64A;&#x629; &#x648; &#x646;&#x642;&#x644; &#x648; &#x627;&#x646;&#x636;&#x628;&#x627;&#x637; &#x627;&#x644;&#x639;&#x627;&#x645;&#x644;&#x64A;&#x646; &#x648; &#x627;&#x644;&#x62A;&#x642;&#x627;&#x639;&#x62F; &#x648; &#x62A;&#x62D;&#x641;&#x64A;&#x632; &#x627;&#x644;&#x639;&#x627;&#x645;&#x644;&#x64A;&#x646; &#x648; &#x643;&#x630;&#x644;&#x643; &#x627;&#x644;&#x633;&#x644;&#x627;&#x645;&#x629; &#x627;&#x644;&#x645;&#x647;&#x646;&#x64A;&#x629; &#x648; &#x627;&#x644;&#x639;&#x648;&#x644;&#x645;&#x629; &#x648; &#x62A;&#x627;&#x62B;&#x64A;&#x631;&#x627;&#x62A;&#x647;&#x627; &#x639;&#x644;&#x649; &#x627;&#x644;&#x645;&#x648;&#x627;&#x631;&#x62F; &#x627;&#x644;&#x628;&#x634;&#x631;&#x64A;&#x629; &#x648; &#x641;&#x64A; &#x627;&#x644;&#x627;&#x62E;&#x64A;&#x631; &#x639;&#x648;&#x644;&#x645;&#x629; &#x627;&#x644;&#x645;&#x648;&#x627;&#x631;&#x62F; &#x627;&#x644;&#x628;&#x634;&#x631;&#x64A;&#x629; (&#x627;&#x644;&#x641;&#x631;&#x635; &#x648; &#x627;&#x644;&#x62A;&#x62D;&#x62F;&#x64A;&#x627;&#x62A;).</subfield>
  </datafield>
  <datafield tag="653" ind1=" " ind2=" ">
    <subfield code="a">&#x627;&#x62F;&#x627;&#x631;&#x629; &#x627;&#x644;&#x627;&#x641;&#x631;&#x627;&#x62F;</subfield>
  </datafield>
  <datafield tag="653" ind1=" " ind2=" ">
    <subfield code="a">&#x627;&#x62F;&#x627;&#x631;&#x629; &#x627;&#x644;&#x645;&#x648;&#x627;&#x631;&#x62F; &#x627;&#x644;&#x628;&#x634;&#x631;&#x64A;&#x629;</subfield>
  </datafield>
  <datafield tag="942" ind1=" " ind2=" ">
    <subfield code="c">&#x643;&#x62A;&#x627;&#x628;</subfield>
  </datafield>
  <datafield tag="952" ind1=" " ind2=" ">
    <subfield code="0">0</subfield>
    <subfield code="1">0</subfield>
    <subfield code="2">ddc</subfield>
    <subfield code="4">0</subfield>
    <subfield code="7">-1</subfield>
    <subfield code="a">fsecg</subfield>
    <subfield code="b">fsecg</subfield>
    <subfield code="d">2026-05-07</subfield>
    <subfield code="h">&#x627;&#x644;&#x637;&#x627;&#x628;&#x642; &#x627;&#x644;&#x623;&#x631;&#x636;&#x64A;</subfield>
    <subfield code="i">2229/1</subfield>
    <subfield code="l">0</subfield>
    <subfield code="o">&#x623;/2229&#x646;1</subfield>
    <subfield code="p">2229/1</subfield>
    <subfield code="r">2026-05-07 07:55:55</subfield>
    <subfield code="w">2026-05-07</subfield>
    <subfield code="y">&#x643;&#x62A;&#x627;&#x628;</subfield>
  </datafield>
  <datafield tag="952" ind1=" " ind2=" ">
    <subfield code="0">0</subfield>
    <subfield code="1">0</subfield>
    <subfield code="2">ddc</subfield>
    <subfield code="4">0</subfield>
    <subfield code="7">0</subfield>
    <subfield code="a">fsecg</subfield>
    <subfield code="b">fsecg</subfield>
    <subfield code="d">2026-05-07</subfield>
    <subfield code="h">&#x627;&#x644;&#x637;&#x627;&#x628;&#x642; &#x627;&#x644;&#x623;&#x631;&#x636;&#x64A;</subfield>
    <subfield code="i">2229/2</subfield>
    <subfield code="l">0</subfield>
    <subfield code="o">&#x623;/2229&#x646;2</subfield>
    <subfield code="p">2229/2</subfield>
    <subfield code="r">2026-05-07 07:55:55</subfield>
    <subfield code="w">2026-05-07</subfield>
    <subfield code="y">&#x643;&#x62A;&#x627;&#x628;</subfield>
  </datafield>
  <datafield tag="952" ind1=" " ind2=" ">
    <subfield code="0">0</subfield>
    <subfield code="1">0</subfield>
    <subfield code="2">ddc</subfield>
    <subfield code="4">0</subfield>
    <subfield code="7">0</subfield>
    <subfield code="a">fsecg</subfield>
    <subfield code="b">fsecg</subfield>
    <subfield code="d">2026-05-07</subfield>
    <subfield code="h">&#x627;&#x644;&#x637;&#x627;&#x628;&#x642; &#x627;&#x644;&#x623;&#x631;&#x636;&#x64A;</subfield>
    <subfield code="i">2229/3</subfield>
    <subfield code="l">0</subfield>
    <subfield code="o">&#x623;/2229&#x646;3</subfield>
    <subfield code="p">2229/3</subfield>
    <subfield code="r">2026-05-07 07:55:55</subfield>
    <subfield code="w">2026-05-07</subfield>
    <subfield code="y">&#x643;&#x62A;&#x627;&#x628;</subfield>
  </datafield>
  <datafield tag="952" ind1=" " ind2=" ">
    <subfield code="0">0</subfield>
    <subfield code="1">0</subfield>
    <subfield code="2">ddc</subfield>
    <subfield code="4">0</subfield>
    <subfield code="7">0</subfield>
    <subfield code="a">fsecg</subfield>
    <subfield code="b">fsecg</subfield>
    <subfield code="d">2026-05-07</subfield>
    <subfield code="h">&#x627;&#x644;&#x637;&#x627;&#x628;&#x642; &#x627;&#x644;&#x623;&#x631;&#x636;&#x64A;</subfield>
    <subfield code="i">2229/4</subfield>
    <subfield code="l">0</subfield>
    <subfield code="o">&#x623;/2229&#x646;4</subfield>
    <subfield code="p">2229/4</subfield>
    <subfield code="r">2026-05-07 07:55:55</subfield>
    <subfield code="w">2026-05-07</subfield>
    <subfield code="y">&#x643;&#x62A;&#x627;&#x628;</subfield>
  </datafield>
  <datafield tag="952" ind1=" " ind2=" ">
    <subfield code="0">0</subfield>
    <subfield code="1">0</subfield>
    <subfield code="2">ddc</subfield>
    <subfield code="4">0</subfield>
    <subfield code="7">0</subfield>
    <subfield code="a">fsecg</subfield>
    <subfield code="b">fsecg</subfield>
    <subfield code="d">2026-05-07</subfield>
    <subfield code="h">&#x627;&#x644;&#x637;&#x627;&#x628;&#x642; &#x627;&#x644;&#x623;&#x631;&#x636;&#x64A;</subfield>
    <subfield code="i">2229/5</subfield>
    <subfield code="l">0</subfield>
    <subfield code="o">&#x623;/2229&#x646;5</subfield>
    <subfield code="p">2229/5</subfield>
    <subfield code="r">2026-05-07 07:55:55</subfield>
    <subfield code="w">2026-05-07</subfield>
    <subfield code="y">&#x643;&#x62A;&#x627;&#x628;</subfield>
  </datafield>
  <datafield tag="952" ind1=" " ind2=" ">
    <subfield code="0">0</subfield>
    <subfield code="1">0</subfield>
    <subfield code="2">ddc</subfield>
    <subfield code="4">0</subfield>
    <subfield code="7">0</subfield>
    <subfield code="a">fsecg</subfield>
    <subfield code="b">fsecg</subfield>
    <subfield code="d">2026-05-07</subfield>
    <subfield code="h">&#x627;&#x644;&#x637;&#x627;&#x628;&#x642; &#x627;&#x644;&#x62B;&#x627;&#x646;&#x64A;</subfield>
    <subfield code="i">2229/6</subfield>
    <subfield code="l">0</subfield>
    <subfield code="o">&#x623;/2229&#x646;6</subfield>
    <subfield code="p">2229/6</subfield>
    <subfield code="r">2026-05-07 07:55:56</subfield>
    <subfield code="w">2026-05-07</subfield>
    <subfield code="y">&#x643;&#x62A;&#x627;&#x628;</subfield>
  </datafield>
  <datafield tag="952" ind1=" " ind2=" ">
    <subfield code="0">0</subfield>
    <subfield code="1">0</subfield>
    <subfield code="2">ddc</subfield>
    <subfield code="4">0</subfield>
    <subfield code="7">0</subfield>
    <subfield code="a">fsecg</subfield>
    <subfield code="b">fsecg</subfield>
    <subfield code="d">2026-05-07</subfield>
    <subfield code="h">&#x627;&#x644;&#x637;&#x627;&#x628;&#x642; &#x627;&#x644;&#x62B;&#x627;&#x646;&#x64A;</subfield>
    <subfield code="i">2229/7</subfield>
    <subfield code="l">0</subfield>
    <subfield code="o">&#x623;/2229&#x646;7</subfield>
    <subfield code="p">2229/7</subfield>
    <subfield code="r">2026-05-07 07:55:56</subfield>
    <subfield code="w">2026-05-07</subfield>
    <subfield code="y">&#x643;&#x62A;&#x627;&#x628;</subfield>
  </datafield>
  <datafield tag="952" ind1=" " ind2=" ">
    <subfield code="0">0</subfield>
    <subfield code="1">0</subfield>
    <subfield code="2">ddc</subfield>
    <subfield code="4">0</subfield>
    <subfield code="7">0</subfield>
    <subfield code="a">fsecg</subfield>
    <subfield code="b">fsecg</subfield>
    <subfield code="d">2026-05-07</subfield>
    <subfield code="h">&#x627;&#x644;&#x637;&#x627;&#x628;&#x642; &#x627;&#x644;&#x62B;&#x627;&#x646;&#x64A;</subfield>
    <subfield code="i">2229/8</subfield>
    <subfield code="l">0</subfield>
    <subfield code="o">&#x623;/2229&#x646;8</subfield>
    <subfield code="p">2229/8</subfield>
    <subfield code="r">2026-05-07 07:55:56</subfield>
    <subfield code="w">2026-05-07</subfield>
    <subfield code="y">&#x643;&#x62A;&#x627;&#x628;</subfield>
  </datafield>
  <datafield tag="952" ind1=" " ind2=" ">
    <subfield code="0">0</subfield>
    <subfield code="1">0</subfield>
    <subfield code="2">ddc</subfield>
    <subfield code="4">0</subfield>
    <subfield code="7">0</subfield>
    <subfield code="a">fsecg</subfield>
    <subfield code="b">fsecg</subfield>
    <subfield code="d">2026-05-07</subfield>
    <subfield code="h">&#x627;&#x644;&#x637;&#x627;&#x628;&#x642; &#x627;&#x644;&#x62B;&#x627;&#x646;&#x64A;</subfield>
    <subfield code="i">2229/9</subfield>
    <subfield code="l">0</subfield>
    <subfield code="o">&#x623;/2229&#x646;9</subfield>
    <subfield code="p">2229/9</subfield>
    <subfield code="r">2026-05-07 07:55:56</subfield>
    <subfield code="w">2026-05-07</subfield>
    <subfield code="y">&#x643;&#x62A;&#x627;&#x628;</subfield>
  </datafield>
  <datafield tag="999" ind1=" " ind2=" ">
    <subfield code="c">44959</subfield>
    <subfield code="d">44959</subfield>
  </datafield>
</record>
